21 Vegetables in Chinese - Statistics

General Stats
  • This quiz has been taken 37 times
  • The average score is 6 of 21
Answer Stats
English word Vegetable % Correct
Potato 土豆
100%
Tomato 西红柿
60%
Corn 玉米
40%
Lettuce 生菜
40%
Carrot 胡萝卜
40%
Eggplant 茄子
40%
Vegetable 蔬菜
40%
Mushroom 蘑菇
40%
Cucumber 黄瓜
40%
Garlic 大蒜
20%
Olives 橄榄
20%
Onion 洋葱
20%
Broccoli 西兰花
20%
Chili 辣椒
20%
Avocado 鳄梨
20%
Romanesco 宝塔花菜
0%
Oca 紫薯蓣
0%
Fiddlehead Ferns 蕨菜
0%
Puntarelle 菊苣笋
0%
Celtuce 莴笋
0%
Cauliflower 菜花
0%
No matching quizzes found
Score Distribution
Percent of People with Each Score
Percentile by Number Answered
Your Score History
You have not taken this quiz